| 000 | 00677nam a22002177a 4500 | ||
|---|---|---|---|
| 999 |
_c9878 _d9878 |
||
| 003 | AR-CdUCM | ||
| 008 | 190328b ||||| |||| 00| 0 spa d | ||
| 040 |
_aMUNICIPALIDAD PROVINCIAL DEL CUSCO _cBIBLIOTECA MUNICIPAL DEL CUSCO |
||
| 041 | _hger | ||
| 082 |
_a151 / _bM44 / 1927 |
||
| 100 |
_aMesser, Augusto _926393 |
||
| 245 | _aEl realismo crítico / | ||
| 260 |
_aMadrid : _bRevista de Occidente, _c1927. |
||
| 300 |
_a131 páginas ; _c16.5 cm. |
||
| 650 |
_aTeoría del conocimiento, _926394 |
||
| 650 |
_aCriticismo (Filosofía) _926395 |
||
| 650 |
_aFilosofia _9395 |
||
| 700 |
_aVela, Fernando (traductor) _926396 |
||
| 942 |
_2ddc _cLIBROS |
||
| 945 |
_apjha _d2019-05-13 |
||